[Event "EU-ch 4th"]
[Site "Istanbul"]
[Date "2003.05.30"]
[Round "1"]
[White "Tkachiev, Vladislav"]
[Black "Zelcic, Robert"]
[Result "1-0"]
[WhiteElo "2643"]
[BlackElo "2540"]
[Annotator "Ribli,Z"]
[PlyCount "85"]
[EventDate "2003.05.30"]
[EventType "swiss"]
[EventRounds "13"]
[EventCountry "TUR"]
[SourceTitle "CBM 096"]
[Source "ChessBase"]
[SourceDate "2003.09.25"]
[SourceVersion "1"]
[SourceVersionDate "2003.09.25"]
[SourceQuality "1"]

1. d4 Nf6 2. c4 e6 3. Nf3 d5 4. g3 Be7 5. Bg2 O-O 6. O-O dxc4 7. Qc2 a6 8. a4
Bd7 9. Qxc4 Bc6 10. Bf4 {Dieser Zug wird selten gespielt - die Hauptvariante
ist 10.Bg5, mit der Idee Bxf6, Nc3, e4 und Beherrschung des Zentrums.} a5 {
Das ist ein typisches Motiv - nachfolgend kann Schwarz den Springer über a6
nach b4 entwickeln.} (10... Nd5) (10... Bd6) (10... Nbd7) 11. Nc3 Na6 12. Rae1
{[%cal Ge2e4] Dieser Zug wurde seinerzeit von Kortschnoj in die Turnierpraxis
eingeführt (Kortschnoj,V. - Hjartarson,J. Saint John 1988). Weiß bereitet
damit 13.e4 vor.} Ne4 $6 {Es ist zwar verständlich, dass Schwarz e2-e4 nicht
zulassen möchte, aber in der Folge bekommt Weiß die besseren Chancen. Schwarz
sollte besser die Dame mit 12...Bd5!? vertreiben (vgl. die Partie
Tkachiev-Delchev im gleichen Turnier vier Runden später).} (12... Nb4 13. e4
Nd7 14. Qe2 (14. Ra1 Bd6 15. Be3 Nc2 16. Bg5 Nb6 17. Qd3 Nb4 18. Qe2 Qe8 19. b3
f5 {0-1 Kortschnoj,V-Hjartarson,J/Saint John 1988/Candidates (38)}) (14. Re2 $5
Nb6 15. Qb3 Kh8) 14... Nb6 15. b3 Bd6 16. Be3 Qe8 17. Ne5 f5 18. Nxc6 bxc6 19.
f4 Rb8 20. Rc1 Nd7 21. Rfe1 {1-0 Kachiani Gersinska,K-Bojkovic,N/Belgrade 1991/
EXT 2002 (57)}) (12... Bd5 $5 13. Qb5 (13. Qd3 Nb4 14. Qb1 c5 (14... Bb3 15.
Rc1 Nbd5 (15... Nfd5) 16. Be5 $1 Bd6 $1 17. Bxf6 $5 gxf6 18. Nd2 Nxc3 19. bxc3
Bxa4 20. Qxb7 Rb8 21. Qa7 $6 (21. Qf3 $5) 21... c6 $1 22. Ra1 Ra8 23. Qb7 Bb5
24. Bxc6 Rb8 25. Qxb5 Rxb5 26. Bxb5 Qc7 $1 {1/2-1/2 Poldauf,D-Pieniazek,A/
Rostock 1989/EXT 2002/[Poldauf,D] (35)}) 15. dxc5 Bxc5 16. Nxd5 Nbxd5 17. Ne5
Nxf4 18. gxf4 Qb6 19. Rc1 Rac8 20. b3 Rc7 21. e3 Rfc8 22. Rc4 Nd7 23. Nf3 Bf8 {
1/2-1/2 Tkachiev,V-Gelfand,B/Cap d'Agde 2002/CBM 92 (35)}) (13. Nxd5 exd5 14.
Qb5 Qc8 {/\ c6}) 13... Bc6 14. Qb3 Nb4 15. Rc1 {1/2-1/2 Tkachiev,V-Delchev,A/
Istanbul 2003/CBM96 (15)}) (12... Bxf3 13. Bxf3 c6 14. Rd1 Nb4 15. e4 Rc8 16.
Rd2 Qd7 17. Rfd1 Rfd8 18. h4 {1/2-1/2 Kachiani Gersinska,K-Petronijevic,Z/Pula
1990/EXT 2000 (69)}) (12... Bb4 13. Bg5 h6 14. Bxf6 Qxf6 15. e4 Rfd8 16. Kh1
Be8 17. Rd1 Rac8 18. h3 Qe7 19. Rfe1 Nb8 20. Ne5 {1-0 Bareev,E-Short,N/Geneve
1996/CBM 54 ext (53)}) 13. Ne5 $1 $14 {[%csl Rc6][%cal Gg2a8]} Bd5 (13... Nxc3
$2 14. Nxc6 $16) (13... Nd6 14. Nxc6 Nxc4 15. Nxd8 Raxd8 16. b3 $16) 14. Nxd5 (
14. Qb5 Nd6 $11) 14... exd5 15. Qb5 {[%csl Gb5,Re4,Ge5,Gf4] Weiß hat aktives
Figurenspiel und Schwarz hat große Probleme bei der Koordination seiner
Figuren.} Nb4 $6 {Dieser Zug führt zu großen Komplikationen. Der ruhige
Verteidigungszug 15...Ra7 wäre besser gewesen.} (15... Ra7 $142 16. Rc1 (16.
Qxa5 Bb4 $17 {[%cal Rb4a5,Rb4e1]}) 16... c6 $14) 16. Bxe4 dxe4 17. Qxb7 Qxd4 (
17... f5 18. Rc1 Qxd4 19. Qxc7 $16) 18. Rd1 (18. Qxc7 Bf6 $132) 18... Qxb2 19.
Qxc7 (19. Qxe4 Bf6 $14 (19... Bd6 20. Nc4 Qb3 21. Bxd6 cxd6 22. Rxd6 Qxa4 23.
Nb6 Rae8 24. Qf5 $16)) 19... Bf6 20. Nd7 {[%csl Gc7,Gd7,Gf4][%cal Gd7f6,Rd7f8]
[%mdl 2048] Weiß hat aktives Figurenspiel.} Rfe8 (20... Rfc8 21. Qb7 Re8 22.
Nb6 Rad8 23. Rxd8 Rxd8 (23... Bxd8 $2 24. Qd7 Rf8 25. Nc4 Qc3 26. Bd6 $18) 24.
Qxe4 $16) 21. Rd2 Qc3 (21... Qb3 22. Nxf6+ gxf6 23. Qd7 Qe6 24. Qb5 $16) 22.
Rc1 Qxc7 23. Nxf6+ gxf6 24. Rxc7 {[%csl Gc7,Gd2,Re4,Gf4,Rf6,Rf7]} Na6 (24...
Rac8 25. Rdd7 Rxc7 26. Bxc7 Nc6 (26... Ra8 27. Rd8+ Rxd8 28. Bxd8 Nc6 29. Bxf6
$16) 27. Rd6 Re6 28. Rd5 Re7 29. Bxa5 Ra7 30. Bc3 Rxa4 31. Bxf6 $16) 25. Rc4
Kg7 (25... Rac8 26. Rxc8 Rxc8 27. Rd4 f5 28. Bd2 Nb4 29. Bxb4 axb4 30. Rxb4 $16
) 26. Rdd4 Rac8 (26... f5 27. Rd5 $16) 27. Rxc8 Rxc8 28. Rxe4 $16 {[%mdl 4096]
Weiß hat einen Mehrbauern und die bessere Bauernstruktur.} Rc2 29. Be3 h5 (
29... Rxe2 $4 30. Bh6+ $18) 30. Rf4 Kg6 (30... Rxe2 31. Rf5 $16 {[%cal Rf5a5,
Rf5h5]}) 31. Bb6 Rxe2 32. Bxa5 {[%csl Ga4] Der weiße Freibauer auf der a-Linie
ist gefährlich} Nc5 33. Bb6 Ne4 34. Kf1 Rb2 35. Rxe4 Rxb6 36. Ke2 (36. Re1 $16
{[%cal Ge1a1,Ga1a4]}) 36... Rb2+ 37. Ke3 Ra2 38. Rf4 $18 {[%csl Gf4][%cal
Gf4f2,Gf4a4] Der Turm verteidigt zugleich den Pf2 und den Pa4. Das Endspiel
ist klar gewonnen. Weiß braucht nur seinen König zu aktivieren.} Rc2 39. Kd3
Rc1 40. Rc4 Ra1 41. Kc3 Ra2 42. Rf4 h4 43. Kb3 (43. Rg4+ $1 Kf5 44. Rxh4 Rxf2
45. Rf4+ Rxf4 46. gxf4 Kxf4 47. a5 $18) (43. Kb3 $18) 1-0

[Event "EU-ch 4th"]
[Site "Istanbul"]
[Date "2003.06.03"]
[Round "5"]
[White "Anastasian, Ashot"]
[Black "Nielsen, Peter Heine"]
[Result "0-1"]
[WhiteElo "2561"]
[BlackElo "2625"]
[Annotator "Ribli,Z"]
[PlyCount "84"]
[EventDate "2003.05.30"]
[EventType "swiss"]
[EventRounds "13"]
[EventCountry "TUR"]
[SourceTitle "CBM 096"]
[Source "ChessBase"]
[SourceDate "2003.09.25"]
[SourceVersion "1"]
[SourceVersionDate "2003.09.25"]
[SourceQuality "1"]

1. Nf3 Nf6 2. g3 d5 3. Bg2 e6 4. O-O Be7 5. c4 O-O 6. d4 dxc4 7. Qc2 a6 8. a4
Bd7 9. Qxc4 Bc6 10. Bg5 Bd5 11. Qd3 (11. Qc2 Be4 12. Qd1 c5 {Das ist die
andere Hauptvariante, die zu ungefähr ausgeglichenem Spiel führt.}) 11... c5 (
11... Be4 12. Qe3 (12. Qd1)) 12. Nc3 (12. dxc5 {Das ist eine wichtige
Alternative.}) 12... Bc6 (12... cxd4 $5 13. Nxd5 Qxd5 (13... Nxd5 14. Bxe7 Nxe7
15. Nxd4 $14) 14. h4 $5) 13. dxc5 (13. Bxf6 Bxf6 14. dxc5 Nd7 15. Qc4 Qe7 16.
b4 a5 17. Nd4 Bxg2 18. Kxg2 axb4 19. Ne4 Rfc8 20. a5 Bxd4 21. Qxd4 Nxc5 {
1/2-1/2 Nikolic,P-Boensch,U/Munich 1990/CBM 18 (37)}) (13. e4 cxd4 14. Qxd4 h6
15. Bf4 Nbd7 16. Qc4 Rc8 17. Qe2 Bc5 (17... Bb4 $5 18. Nd4 Bxc3 19. bxc3 e5 20.
Nxc6 Rxc6 21. Bd2 $13) 18. Nd2 e5 19. Be3 Bxe3 20. Qxe3 Qa5 $1 {0-1 Beliavsky,
A-Georgiev,K/Ulcinj 1998/CBM 65/[Kostakiev,D] (45)}) (13. Rfd1 cxd4 14. Nxd4 (
14. Qxd4 Qxd4 15. Nxd4 Bxg2 16. Kxg2 Nbd7 17. e4 Rac8 18. f3 h6 {0-1 Rustemov,
A-Bauer,C/Hamburg 1999/EXT 2001 (43)}) 14... Bxg2 15. Kxg2 Nbd7 $5 16. Qf3 (16.
f4 Rc8 17. e4 Qb6 18. e5 Qxb2+ 19. Nce2 Nc5 {1/2-1/2 Ong Chong Ghee-Bagirov,R/
Istanbul 2000/EXT 2001 (41)}) (16. e4 Qa5 (16... Rc8 $11) 17. Bd2 Ne5 18. Qe2
Qc5 19. Bf4 Rfd8 20. Nf3 Nc6 {1/2-1/2 Bogdanovski,V-Bauer,C/Batumi 1999/CBM 74
(36)}) 16... Rb8 (16... Qb8 17. Rac1 {1/2-1/2 Garcia Ilundain,D-Wells,P/
Escaldes 1998/CBM 68 (17)}) 17. Bxf6 Bxf6 18. Ne4 Qe7 (18... Qb6 19. Qe3 Rfd8
20. Rd2 Be7 21. Rad1 Qc7 22. Nb3 Qc6 23. Nd4 Qc7 {1/2-1/2 Wojtkiewicz,
A-Georgiev,K/Metz 1997/EXT 99 (42)}) 19. Qa3 Rfd8 20. Nxf6+ Qxf6 21. Nf3 Ne5 {
1/2-1/2 Kachiani Gersinska,K-Bojkovic,N/Leon 2001/EXT 2002 (21)}) 13... Bxc5 (
13... Nbd7 14. b4 a5 15. b5 Bxf3 16. Qxf3 (16. Bxf3 Nxc5 17. Qe3 Nfd7 $11)
16... Nxc5 17. Rfd1 Qb6 18. Be3 $14) 14. Qc4 (14. Ne5 Qxd3 15. Nxd3 Bd4 $1 $11
(15... Bxg2 16. Kxg2 Be7 17. Ne4 Nbd7 18. Rac1 $14)) 14... Nbd7 {Schwarz hat
Ausgleich in bequemer Stellung erreicht. Die Bauernverteilung ist symmetrisch.}
15. b4 (15. Rfd1 $6 Qb6 $15) 15... Be7 16. b5 Bxf3 17. Bxf3 (17. exf3 $6 Rc8
$15) 17... Ne5 {[%cal Re5c4,Re5f3] Mit dem Textzug beraubt Schwarz seinen
Gegner des Läuferpaars.} 18. Qf4 Nxf3+ 19. Qxf3 $11 axb5 20. axb5 Rxa1 (20...
Qb6 21. Be3 Qc7 22. Bf4 $11) 21. Rxa1 Qb6 22. Be3 Qc7 23. Rc1 (23. Bf4 Qb6 $11)
23... Rc8 24. Ne4 Qd7 25. Nxf6+ Bxf6 26. Rxc8+ Qxc8 {[%mdl 4096] Weiß hat
aufgrund des Pb6 mikroskopisch kleinen Raumvorteil, aber man kann sich bei
dieser Stellung schwer ein anderes Ergebnis als Remis vorstellen.} 27. b6 {
Der Pb6 garantiert Weiß zwar etwas Raumvorteil, dafür kann er später aber
selbst zum Ziel eines Angriffs werden.} Qd7 28. h4 Qd5 {[%csl Gd5]} 29. Qf4 {
[%cal Rf4b8,Rb8g8]} (29. Qxd5 exd5 30. Bc5 $11) 29... h5 {[%csl Gb7,Gh5]
Schwarz spielt konsequent und richtig: Er stellt seine Bauern allesamt auf die
weißen Felder.} 30. Qc7 Bd8 (30... g6 $11) 31. Qc2 Bf6 32. Qa4 {[%cal Ra4e8,
Re8g8,Re8f7]} Kh7 (32... g6 $11) 33. f3 (33. Qe8 Kg6 $11) 33... g6 34. Bf2 Kg7
35. Kg2 Be5 36. Qc2 Bf6 37. Qc8 Be7 38. Be1 $6 {[%cal Ge1c3,Gc3g7] Weiß möchte
den Läufer nach c3 stellen. Sicherer wäre es jedoch, den Läufer auf f2 zu
belassen.} Bc5 $1 {[%csl Rb6,Gc5][%cal Rd5d4,Rc5g1] Jetzt hat Schwarz neue
Drohungen - der Pb6 hängt, und es droht 39...Qd4.} 39. Bc3+ e5 40. Qe8 $2 {
[%csl Re8]} (40. e4 Qa2+ (40... Qd6 41. Qc7 Qxb6 42. Bxe5+ Kg8 $11) 41. Kh3 Bd4
42. Bxd4 exd4 43. Qxb7 Qb1 44. g4 Qh1+ 45. Kg3 Qg1+ 46. Kf4 $4 (46. Kh3 hxg4+
47. fxg4 Qe3+ 48. Kg2 d3 49. Qd5 d2 50. b7 $11) 46... Qh2+ 47. Kg5 Qe5#) 40...
f6 $17 {[%csl Rc3,Ge5,Gf6] Der Wirkungsradius des Bc3 ist nunmehr
eingeschränkt, und der Pb6 ist schwach.} 41. Qb5 Qd6 42. f4 $4 {[%mdl 8192]
Ein unglaublicher Fehler - Weiß lässt gänzlich de Sicherheit seines Königs aus
den Augen.} (42. Ba5 e4 (42... Qd4 43. e3 Qd5 $17 (43... Qxe3 44. Qd7+ $132 Kh6
$4 45. Bd2 $18)) 43. fxe4 Qd4 44. Qb1 Qf2+ 45. Kh3 Qxe2 $17) 42... Qd5+ $19 {
[%csl Gc5,Gd5,Rg2][%cal Rd5g2]} (42... Qd5+ 43. e4 (43. Kh2 Bg1+ $19) 43...
Qxe4+ 44. Kh2 Qc2+ $19) 0-1

[Event "Bundesliga 0203"]
[Site "Germany"]
[Date "2003.03.30"]
[Round "15.1"]
[White "Buhmann, Rainer"]
[Black "Lutz, Christopher"]
[Result "1/2-1/2"]
[WhiteElo "2527"]
[BlackElo "2645"]
[Annotator "Ribli,Z"]
[PlyCount "101"]
[EventDate "2002.10.19"]
[EventType "team-tourn"]
[EventRounds "15"]
[EventCountry "GER"]
[SourceTitle "CBM 095"]
[Source "ChessBase"]
[SourceDate "2003.07.25"]
[SourceVersion "1"]
[SourceVersionDate "2003.07.25"]
[SourceQuality "1"]
[WhiteTeam "Stuttgart"]
[BlackTeam "Porz"]
[WhiteTeamCountry "GER"]
[BlackTeamCountry "GER"]

1. d4 Nf6 2. c4 e6 3. g3 d5 4. Nf3 Be7 5. Bg2 O-O 6. O-O dxc4 7. Qc2 a6 8. Qxc4
{Das ist die natuerliche Fortsetzung, die heutzutage jeodch weniger gespielt
wird als 8.a4. Diese Alternative 8.a4 ist popular, weil auf diese Weise der
Zug 8...b5 radikal verhindert wird.} b5 9. Qc2 Bb7 10. Bf4 {Statt dieser
Fortsetzung sind auch die anderen Lauferzuege 10.Bd2 und 10.Bg5 moeglich.} Nc6
(10... Nd5) 11. Rd1 (11. Nc3 Nxd4 $6 (11... Nb4 12. Qb1 Nbd5 13. Nxd5 Bxd5 14.
Rd1 $11) 12. Nxd4 Bxg2 13. Rfd1 $16 {[%cal Gd1d8]} (13. Nxe6 fxe6 14. Kxg2 c5))
11... Nb4 12. Qc1 Rc8 {[%cal Gc7c5] Schwarz moechte im folgenden mit c7-c5 das
Spiel ausgleichen.} 13. Nc3 Nbd5 14. Nxd5 (14. Bg5 c5 $11) (14. Be3 c6 15. Ne5
Qb6 16. Nxd5 cxd5 17. Qd2 b4 $11) 14... Bxd5 15. Be3 c6 {Die sofortige
Ausfuehrung des Zugs c7-c5 geht noch nicht. Mit dem Textzug moechte Schwarz
Qb6 vorbereiten.} 16. Ne1 {[%cal Ge1d3,Gd3c5]} Bxg2 (16... Ng4 17. Bf3 Nxe3 18.
Qxe3 Bf6 19. Qa3 Bxf3 20. Nxf3 Qb6 21. Rac1 (21. b4 $1 $14) 21... Rfd8 22. b4
g6 23. e3 Qb7 24. Nd2 Rd5 25. Ne4 {1/2-1/2 Atalik,S-Vaganian,R/Manila 1992/TD 
(41)}) (16... Qb6 17. Nd3 Bxg2 18. Kxg2 Nd5 19. Nf4 Nxf4+ 20. Bxf4 c5 21. Qe3
c4 22. d5 Qxe3 23. Bxe3 Rfd8 24. dxe6 fxe6 25. Rxd8+ Rxd8 26. Rc1 Bf6 {0-1
Dizdarevic,E-Huzman,A/Pula 1997/CBM 57 ext (52)}) 17. Kxg2 (17. Nxg2 Nd5 18.
Ne1 Bf6 19. Qd2 Qb6 20. Bg5 Rfd8 21. Rac1 h6 22. Bxf6 Nxf6 23. Nf3 a5 24. Qc2
c5 {1/2-1/2 Shvidler,E-Gerzhoy,L/ISR 2002/EXT 2003 (47)}) 17... Nd5 18. Nd3 (
18. f3 Nxe3+ 19. Qxe3 Qd5 20. Qb3 Rfd8 $11) 18... Nxe3+ 19. Qxe3 Qd5+ 20. f3 (
20. Kg1 Rfd8 (20... c5 21. dxc5 Bxc5 22. Nxc5 Qxc5 23. Qxc5 Rxc5 24. Rac1 Rxc1
25. Rxc1 Rd8 26. Rc6 Kf8 27. Rxa6 Rd2 {1/2-1/2 Ftacnik,L-Lutz,C/Germany 1998/
GER-chT (41)}) 21. Nf4 Qd6 22. Rd3 g6 23. Rad1 Bg5 24. Qe5 Bxf4 25. Qxf4 Qxf4
26. gxf4 c5 {1/2-1/2 Haba,P-Lutz,C/Koenig Plauen GER 2002/(31)}) 20... Rfd8 {
[%mdl 4] Schwarz - mit 118 Elo-Punkten mehr - ist nicht zufrieden mit den
Vereinfachungen, die nach 20...c5 käemn. Nach meiner persoenlichen Meinung
bietet 20...c5 Schwarz jedoch bessere Chancen als die Partiefortsetzung.} (
20... c5 {Dieser Zug fuehrt zum Ausgleich.} 21. dxc5 Bxc5 22. Nxc5 Qxc5 23.
Qxc5 Rxc5 24. Rac1 Rcc8 (24... Rxc1 25. Rxc1 Rd8 26. Rc6 Kf8 27. Rxa6 Rd2 28.
Kf2 Rxb2 29. a4 {1/2-1/2 Piket,J-Adams,M/Amsterdam 1994/CBM 43 (29)}) 25. b4 g6
26. Kf2 Kg7 27. a3 a5 28. Ke3 Kf6 29. Rxc8 Rxc8 30. bxa5 Ra8 {1/2-1/2
Khalifman,A-Lutz,C/Wijk aan Zee 1995/CBM 45 (34)}) 21. Nf4 (21. Ne5 c5 $15)
21... Qd6 22. Rac1 h6 $11 (22... Qb4 23. Rc2 $11) 23. Rd3 Qb4 24. Rc2 Qa4 (
24... c5 $2 25. dxc5 $16) 25. b3 Qb4 26. h4 Bf6 27. Qe4 Qd6 28. Nh5 Be7 29. Nf4
Bf6 30. e3 $1 $14 {Weiss hat Raumvorteil und es ist nicht leicht fuer Schwarz
die Ausgleichsmoeglichkeit c6-c5 auszufuehren.} e5 $5 {Mit diesem Zug Schwarz
opfert eigentlich einen Bauern, aber bekommt ein haltbares Endspiel.} (30...
Be7 $14) 31. dxe5 Qxe5 32. Qxe5 Bxe5 33. Rxc6 (33. Rxd8+ Rxd8 34. Ne2 $14 {
[%csl Gc2][%cal Gf3f4,Ge3e4]}) 33... Bxf4 34. exf4 Rxc6 (34... Rxd3 35. Rxc8+
Kh7 36. Rc2 a5 {Diese Variante fuhrt zu ahnlichen Stellungen wie in der Partie.
}) 35. Rxd8+ {[%mdl 4096]} Kh7 36. Rd2 Rc3 {[%csl Gc3] Weiss hat einen Bauern
mehr, aber das hat keine grosse Bedeutung - Weiss kann seinen Doppelbauern
nicht verwerten.} 37. h5 a5 $1 {Schwarz moechte so viel Material wie moeglich
tauschen.} 38. g4 f6 39. Kg3 a4 40. bxa4 bxa4 41. f5 Ra3 {[%cal Ga3a2,Ga3g3]
Der schwarze Turm steht aktiv auf a3 und fesselt den weissen Turm an die
Verteidiung des Pa2.} 42. Kf4 Kg8 {[%cal Gg8f7,Gf7e7]} 43. Ke4 Kf7 44. Rf2 {
Weiss verteidigt den f3-Bauern und sein Koenig marschiert zum Damenfluegel.}
Ke7 45. Kd4 Kd6 46. Kc4 Re3 47. Rd2+ (47. Kb4 a3 48. Kc4 Ke5 $11 {[%csl Ge3,
Ge5]}) 47... Ke5 48. Rd7 Rxf3 49. Rxg7 Ra3 50. Rg6 Rxa2 51. Kb4 (51. Rxh6 $6
Rg2 52. Rg6 a3 $15) (51. Kb4 Kf4 52. Rxh6 (52. Rxf6 Kxg4 53. Rxh6 $11) 52...
Kxg4 53. Rxf6 Kxh5 $11) 1/2-1/2

[Event "Sarajevo Bosnia 33rd"]
[Site "Sarajevo"]
[Date "2003.05.26"]
[Round "8"]
[White "Kozul, Zdenko"]
[Black "Kasimdzhanov, Rustam"]
[Result "0-1"]
[WhiteElo "2601"]
[BlackElo "2680"]
[Annotator "Ribli,Z"]
[PlyCount "80"]
[EventDate "2003.05.18"]
[EventType "tourn"]
[EventRounds "9"]
[EventCountry "BIH"]
[EventCategory "16"]
[SourceTitle "CBM 096"]
[Source "ChessBase"]
[SourceDate "2003.09.25"]
[SourceVersion "1"]
[SourceVersionDate "2003.09.25"]
[SourceQuality "1"]

1. d4 d5 2. c4 e6 3. Nf3 Nf6 4. g3 Be7 5. Bg2 O-O 6. O-O dxc4 7. Qc2 a6 8. a4 {
Heutzutage wird in der Großmeisterpraxis praktisch immer die Textfortsetzung
gespielt, aber die alte Fortsetzung 8.Qxc4 b5 9.Qc2 ist auch gut spielbar.} Bd7
9. Ne5 {Dieser Springerzug ist die Lieblingsvariante des kroatischen GMs.
Meiner Meinung nach bietet sie Weiß allerdings keinen Eröffnungsvorteil.} (9.
Qxc4) 9... Bc6 (9... Nc6) 10. Nxc6 Nxc6 11. e3 (11. Bxc6 bxc6 12. Qxc4 (12. Na3
Qd5 13. Nxc4 Qh5 $11) 12... Qd5 $11) 11... Na5 12. Nd2 {Mit diesem Zug gewinnt
Weiß den Bauern zurück und öffnet zugleich die Diagonale des Bg2. Andererseits
bekommt Schwarz starkes Gegenspiel am Damenflügel.} c5 13. dxc5 Rc8 14. b4 cxb3
15. Nxb3 Nd5 {Schwarz schließt die Diagonale des Bg2 und hält die Spannung
aufrecht. Die Alternative 15...Nxb3 führt zu Vereinfachungen und erhöht die
Wahrscheinlichkeit eines Remis.} (15... Nxb3 16. Qxb3 Nd7 17. Ba3 (17. c6 bxc6
18. Bd2 (18. a5 Nc5 19. Qc4 Qd3 20. Qxd3 Nxd3 21. Bd2 Rfd8 22. Rfb1 Nf4 23.
gxf4 Rxd2 24. Bf1 Bh4 (24... Ra8 $10 {Pigusov,E}) 25. Bxa6 Bxf2+ {1-0 Kozul,
Z-Pigusov,E/Biel 1993/CBM 37/[ChessBase] (37)}) (18. Rd1 Qb6 19. Qc2 Rfd8 20.
a5 Qc5 21. Qb1 Bf6 22. Ra2 Ne5 23. Bb2 Qb5 24. Bxe5 Qxe5 25. Rc1 Rb8 26. Qe4
Qxe4 27. Bxe4 Rd6 28. Bf3 Bd8 {1/2-1/2 Kozul,Z-Begovac,F/Makarska 1994/EXT 97 
(28)}) 18... Nc5 19. Qc2 Nb3 20. Qxb3 Qxd2 21. a5 Rb8 22. Qa4 c5 23. Qc4 Rb5
24. Rfd1 Qb4 25. Bf1 Rc8 26. Qa2 c4 {1/2-1/2 Kozul,Z-Van der Sterren,P/Moscow
1994/CBM 44 ext (26)}) 17... Nxc5 18. Bxc5 Bxc5 19. Qxb7 {1/2-1/2 Kozul,
Z-Beliavsky,A/Maribor 1996/CBM 55 (19)}) 16. Bd2 (16. Ba3 Qc7 (16... Nxb3 17.
Qxb3 Bxc5 18. Bxc5 Rxc5 19. Qxb7 Qa5 20. Bxd5 Rxd5 {1/2-1/2 Urban,K-Rozentalis,
E/Augustow 1996/CBM 57 (25)}) 17. Rfd1 Rfd8 18. e4 Nf6 19. Rxd8+ Rxd8 20. Nxa5
Qxa5 21. e5 Nd5 22. Rb1 Qc7 23. Qb3 Bxc5 24. Bxc5 Qxc5 25. Bxd5 Rxd5 26. Qxb7
g5 {0-1 Pavlovic,M-Beliavsky,A/Cetinje 1992/EXT 97 (36)}) 16... Nc6 $11 {
[%mdl 4] Schwarz tauscht nicht auf b3, sondern strebt eine feste Stellung an.
Weiß hat das Läuferpaar und etwas positionellen Druck am Damenflügel, aber die
schwarze Bauernstruktur ist gesund. Zudem kann der jetzt scheinbar starke Pc5
später zur Schwäche werden} (16... Nxb3 17. Qxb3 Rxc5 18. Qxb7 Qc8 19. Qxc8
Rfxc8 20. a5 Bf6 21. Ra3 Nc3 22. Bf3 Rd8 23. Bxc3 Rxc3 24. Ra2 Be5 25. Bb7 Rc5
{1/2-1/2 Cifuentes Parada,R-Winants,L/Wijk aan Zee 1994/CBM 40 (25)}) 17. Rab1
(17. Rfd1 Qc7 18. Bxd5 (18. e4 Ndb4 19. Qc4 a5 $11) 18... exd5 19. Bc3 Rfd8 20.
Qf5 Qd7 21. Qxd7 Rxd7 22. Rd3 Nd8 $11 {[%cal Gd8e6,Ge6c5]}) 17... Qc7 18. Rfc1
{[%cal Gb1b7,Gc1c5]} Rfd8 19. Qc4 Rd7 20. Be1 $6 {Dieser Läuferzug scheint mir
etwas zu passiv - Weiß täte besser daran, den Nd5-Springer zu verjagen.} (20.
e4 $5 Nf6 21. f4 $11) 20... Bf6 21. e4 Nde7 {[%csl Gc6,Yd4,Ge7]} 22. Rd1 (22.
f4 Bd4+ $11) 22... Rcd8 23. Rxd7 Rxd7 24. f4 g5 $5 $13 {Dieser Zug ist eine
große Überraschung - Schwarz schwächt freiwillig seinen Königsflügel, bekommt
dafür aber im Gegenzug taktische Gegenchancen.} (24... Bd4+ 25. Kh1 e5 $11 {
[%csl Gd4]}) 25. e5 Bg7 26. Nd2 $6 (26. Qe2 Nd5 27. Bd2 $13) 26... gxf4 27.
gxf4 Rd4 (27... Nd5 $13) 28. Qf1 (28. Rxb7 Qa5 (28... Qxb7 29. Qxd4 Nxd4 30.
Bxb7 $16) 29. Qc2 Rxf4 $13) 28... Nd5 {[%csl Gd4,Gd5,Rf4][%mdl 2048] Schwarz
hat aktives Figurenspiel - der Pf4 ist schwach.} 29. Ne4 Nce7 (29... Rxa4) 30.
Kh1 (30. a5 $142 $5 Ng6 $13) 30... Rxa4 31. Bd2 (31. Qg1 $5) 31... Ng6 32. Qf2
Rc4 33. f5 $6 {Weiß öffnet die Stellung, ohne jedoch über ein Übergewicht am
Königsflügel zu verfügen.} (33. Qg3 $13) 33... Nxe5 34. f6 (34. fxe6 fxe6 $15)
34... Ng4 $17 {[%csl Gg4][%cal Rg4f2,Rc7h2]} 35. Qg1 Ndxf6 (35... Ngxf6 36.
Nxf6+ (36. Rxb7 $2 Qxb7 37. Nxf6+ Kh8 $19) 36... Nxf6 37. Rxb7 Qxc5 38. Rb8+
Bf8 39. Bh6 Qxg1+ 40. Kxg1 Nd7 41. Ra8 e5 $17) 36. Rxb7 $1 {[%cal Gg2b7]} Qe5 (
36... Qxb7 $4 37. Nxf6+ $18) 37. Nxf6+ Bxf6 (37... Qxf6 $17) 38. h3 Qe2 $1 {
[%csl Rd2][%cal Rg4f2,Rf2h1]} (38... Rc2 $17) 39. Bh6 $2 (39. Bf1 $8 Qf3+ 40.
Qg2 Qxg2+ 41. Kxg2 Rxc5 42. hxg4 Rc2 43. Rd7 Bg5 $19 {[%csl Rd2][%cal Rc2g2]})
39... Nf2+ $19 {[%csl Rg1,Rh1]} 40. Qxf2 (40. Kh2 Be5+ $19) 40... Rc1+ (40...
Qxf2 $4 41. Rb8+ $18) (40... Rc1+ 41. Bxc1 Qxf2 $19) 0-1